书目信息

书名: 营销的原点 
作者: 徐淼
出版信息: 北京   中国商业出版社  2022.2
开本页数: 24cm  204页
丛书名:
单 册:
中图分类: F713.5
科图分类:
主题词: 市场营销学--shi chang ying xiao xue--研究
电子资源:
ISBN: 978-7-5208-1794-3
000 01302nam0 2200253 450
001 012022000359
005 20220414081722.4
010    @a978-7-5208-1794-3@dCNY58.00
100    @a20220408d2022 em y0chiy50 ea
101 @achi
102    @aCN@b110000
105    @ay z 000yy
106    @ar
200 @a营销的原点@Aying xiao de yuan dian@e如何培养一个人的营销思维@f徐淼著
210    @a北京@c中国商业出版社@d2022.2
215    @a204页@d24cm
314    @a徐淼, 中国人民大学经济学硕士。
330    @a营销的原点以大数据、社群、价值观营销为基础, 企业将营销的中心转移到如何与消费者积极互动、尊重消费者作为“主体”的价值观, 让消费者更多地参与到营销价值的创造中来。在数字化连接的时代, 洞察与满足这些连接点所代表的需求, 帮助客户实现自我价值, 就是本书所需要面对和解决的问题, 它是以内容营销、社群营销、直播营销、故事化营销、差异化营销、整体化营销为基础所造就的。本书面对客户购买过程中方方面面的需求, 提供了具有深度和广度的人本销售升级版方案。我们希望读者能从本书中获得启示和灵感, 在未来与我们一起再次定义市场营销。
517 @a如何培养一个人的营销思维@Aru he pei yang yi ge ren de ying xiao si wei
606 @a市场营销学@Ashi chang ying xiao xue@x研究
690    @aF713.5@v5
701  0 @a徐淼@Axu miao@4著
801  0 @aCN@bCDNYKJZYXY@c20220408
905    @aCDNYKJZYXY@b300654277-9@dF713.5@e489@f3
    
    营销的原点:如何培养一个人的营销思维/徐淼著.-北京:中国商业出版社,2022.2
    204页;24cm
    
    
    ISBN 978-7-5208-1794-3:CNY58.00
    营销的原点以大数据、社群、价值观营销为基础, 企业将营销的中心转移到如何与消费者积极互动、尊重消费者作为“主体”的价值观, 让消费者更多地参与到营销价值的创造中来。在数字化连接的时代, 洞察与满足这些连接点所代表的需求, 帮助客户实现自我价值, 就是本书所需要面对和解决的问题, 它是以内容营销、社群营销、直播营销、故事化营销、差异化营销、整体化营销为基础所造就的。本书面对客户购买过程中方方面面的需求, 提供了具有深度和广度的人本销售升级版方案。我们希望读者能从本书中获得启示和灵感, 在未来与我们一起再次定义市场营销。
相关链接 在五车中查询图书 在当当中查询图书 在豆瓣中查询图书


正题名:营销的原点     索取号:F713.5/489         预约/预借

序号 登录号 条形码 馆藏地/架位号 状态 备注
1 654277   300654277   柳城-5楼/18架3列5层/ [索取号:F713.5/489] 在馆    
2 654278   300654278   柳城-5楼/18架3列5层/ [索取号:F713.5/489] 在馆    
3 654279   300654279   柳城-5楼/18架3列5层/ [索取号:F713.5/489] 在馆